书目信息 |
| 题名: |
最新电脑上网培训教程
|
|
| 作者: | 张明学 , 柴业森 , 刘文政 编著 | |
| 分册: | ||
| 出版信息: | 北京 清华大学出版社 2006.01 |
|
| 页数: | 273页 | |
| 开本: | 26cm | |
| 丛书名: | 计算机应用培训教程 | |
| 单 册: | ||
| 中图分类: | TP393.4 | |
| 科图分类: | ||
| 主题词: | 因特网--yin te wang--技术培训--教材 | |
| 电子资源: | ||
| ISBN: | 7-302-12053-6 | |
| 000 | 01152nam 2200277 450 | |
| 001 | CAL 012005144608 | |
| 005 | 20060529090107.54 | |
| 010 | @a7-302-12053-6@dCNY 24.00 | |
| 099 | @aCAL 012005144608 | |
| 100 | @a20051214d2006 em y0chiy0121 ea | |
| 101 | 0 | @achi |
| 102 | @aCN@b110000 | |
| 200 | 1 | @a最新电脑上网培训教程@Azui xin dian nao shang wang pei xun jiao cheng@f刘文政, 张明学, 柴业森编著 |
| 210 | @a北京@c清华大学出版社@d2006.01 | |
| 215 | @a273页@c图@d26cm | |
| 225 | 2 | @a计算机应用培训教程@Aji suan ji ying yong pei xun jiao cheng |
| 330 | @a本书从初次接触Internet的读者的世纪需要出发,介绍了上网前的准备工作、拨号上网、收发电子邮件、搜索网上资源、网上娱乐、网上购书、远程教育、网络游戏、使用BBS等知识,同时还介绍了一些上网常用的应用软件的使用方法与技巧。 | |
| 410 | 0 | @12001 @a计算机应用培训教程 |
| 517 | 1 | @a电脑上网培训教程@Adian nao shang wang pei xun jiao cheng |
| 606 | 0 | @a因特网@Ayin te wang@x技术培训@j教材 |
| 690 | @aTP393.4@v4 | |
| 701 | 0 | @a张明学@Azhang ming xue@4编著 |
| 701 | 0 | @a柴业森@Achai ye sen@4编著 |
| 701 | 0 | @a刘文政@Aliu wen zheng@4编著 |
| 801 | 0 | @aCN@bTSU@c20060529 |
| 905 | @a10447@dTP393.4@eL689 | |
| 最新电脑上网培训教程/刘文政, 张明学, 柴业森编著.-北京:清华大学出版社,2006.01 |
| 273页:图;26cm.-(计算机应用培训教程) |
| ISBN 7-302-12053-6:CNY 24.00 |
| 本书从初次接触Internet的读者的世纪需要出发,介绍了上网前的准备工作、拨号上网、收发电子邮件、搜索网上资源、网上娱乐、网上购书、远程教育、网络游戏、使用BBS等知识,同时还介绍了一些上网常用的应用软件的使用方法与技巧。 |
| ● |
| 相关链接 |
|
|
|
正题名:最新电脑上网培训教程
索取号:TP393.4/L689
 
预约/预借
| 序号 | 登录号 | 条形码 | 馆藏地/架位号 | 状态 | 备注 |
| 1 | 602958 | 206029581 | 期刊室512/301自科库 134排1列3层/ [索取号:TP393.4/L689] | 在馆 | |
| 2 | 602959 | 206029590 | 期刊室512/301自科库 134排1列3层/ [索取号:TP393.4/L689] | 在馆 | |
| 3 | 602960 | 206029607 | 自科库301/ [索取号:TP393.4/L689] | 在馆 |